"- aki mindig hiteles tudott maradni" beszélgetés Rákóczi Lajossal

Podrobná bibliografia
Hlavní autori: Fónod, Zoltán, 1930-2021 (Autor, Tazateľ), Rákóczi, Lajos (Autor)
Ďalší autori: Szabó, Július, 1907-1972 (Ilustrátor)
Médium: Článok
Jazyk:maďarčina
PhysicalDescription:Obr.
ISSN:1336-5088
Predmet:

MARC

LEADER 00000nab a2200000 ar4500
001 vtls009010718
003 SK-MaSNL
005 20260319071251.0
008 070723c2007 xo |||||||| |000 b|hun
015 |a SNBRB2007/07  |2 snkbucl 
038 |a SNKBUCL 
040 |a DSZK  |b slo  |c DSZK  |e AACR2 
041 0 |a hun 
044 |a xo  |c SK 
080 |a 75.071.1  |2 1997 
080 |a 821.511.141 (437.6):929  |2 1997 
080 |a 929 Szabó, Gyula  |2 1997 
080 |a 82:929:821.511.141 (437.6)  |2 1997 
080 |a 76.071.1  |2 1997 
100 1 |a Fónod, Zoltán,  |d 1930-2021  |4 ivr  |4 aut  |9 220458 
245 1 0 |a "- aki mindig hiteles tudott maradni"  |b beszélgetés Rákóczi Lajossal  |c [beszélgetett] Fónod Zoltán ; illusztrálta Szabó Gyula 
300 |b Obr. 
600 1 7 |a Szabó, Július,  |d 1907-1972  |2 snkbucl 
655 7 |a rozhovory  |2 snkbucl  |9 31831 
700 1 |a Szabó, Július,  |d 1907-1972  |4 ill 
700 1 |a Rákóczi, Lajos  |4 ive  |4 aut  |9 1065705 
773 0 |t Irodalmi szemle  |g Évf. L, sz. 6 (2007), o. 24-28  |x 1336-5088 
852 |a SNK  |b KIS3GCP 
852 |a DSZK  |b KIS3GCP 
958 |a HU 
958 |a SK 
958 |a LX 
958 |a BX 
999 |c 1751574  |d 1753504